| 000 | 01941aam a2200373 i 4500 | ||
|---|---|---|---|
| 001 | 768714001 | ||
| 003 | CO-MdFUSB | ||
| 005 | 20250522122201.0 | ||
| 007 | ta | ||
| 008 | 160726t1955 enk |||| |||| 00| 0 eng d | ||
| 020 | _aNo lo incluye | ||
| 040 |
_aCO-MdFUSB _bEspañol _cCO-MdFUSB _dCO-MdFUSB |
||
| 041 | _aeng | ||
| 082 | 0 | 4 |
_a24 _2248.4 _bK47g |
| 100 | 1 |
_aKierkegaard, S. _eautor |
|
| 240 | _aLidelsernes evangelium | ||
| 245 | 1 | 0 |
_aGospel of sufferings : _bchristian discourses, being the third part of Edifying disourses in a different vein, published in 1847 at Copenhagen _c/ S. Kierkegaard ; traducido por A. S. Aldworth , W. S. Ferrie |
| 246 | _aLidelsernes evangelium | ||
| 264 | 1 |
_aLondon : _bJames Clarke _c[1955] |
|
| 264 | 4 | _c©1955 | |
| 300 | _a150 páginas | ||
| 336 |
_2rdacontent _atexto _btxt |
||
| 337 |
_2rdamedia _asin mediación _bn |
||
| 338 |
_2rdacarrier _avolumen _bnc |
||
| 500 | _aTítulo original en danés: Lidelsernes evangelium | ||
| 505 | _aEl concepto de seguir a Cristo - ¿Cómo puede ser liviana la carga, ya que el sufrimiento es pesado? - La alegría en la idea de que la escuela de los sufrimientos nos forma para la eternidad - La alegría en la idea de que delante de Dios el hombre siempre se será culpable - La alegría en la idea de que el camino no es estrecho, pero la estrechez es el camino - La alegría en la idea de que incluso cuando el sufrimiento del tiempo es más pesado, la bienaventuranza de la eternidad es aún mayor que él - La alegría en la idea de que en el medio del sufrimiento, el coraje puede arrebatar al mundo su poder, y puede cambiar el desprecio por el honor, el desastre por el triunfo. | ||
| 563 | _aPasta dura | ||
| 650 | 0 |
_919 _aVida cristiana |
|
| 700 |
_aAldworth, Amelia Stewart, _911564 _etraductor |
||
| 700 |
_aFerrie, William Stewart, _911565 _etraductor |
||
| 942 | _cBK | ||
| 945 | _aJTF-925 | ||
| 999 |
_c45352 _d45352 |
||